Zwycięzcy najlepszych lig w Europie 2023/24 - Statystyki

Ogólne statystyki
  • Ten quiz został rozwiązany 892 razy
    404 od ostatniego zresetowania
  • Średni wynik to 9 z 10
Statystyki odpowiedzi
Klub Liga Kraj % Poprawnych
Real Madryt La Liga Hiszpania
100%
Bayer Leverkusen Bundesliga Niemcy
99%
Manchester City Premier League Anglia
99%
PSG Ligue 1 Francja
99%
Inter Mediolan Serie A Włochy
97%
Sporting CP Liga Portugal Portugalia
93%
PSV Eredivisie Holandia
90%
Galatasaray Super Lig Turcja
75%
Sparta Praga Chance Liga Czechy
70%
Club Brugge Jupiler League Belgia
69%
Nie znaleziono quizów pasujących do podanych kryteriów
Rozkład punktacji
Procent ludzi z każdym wynikiem
Percentyl według liczby udzielonych odpowiedzi
Twoja historia wyników
Nie rozwiązałeś tego quizu od ostatniego zresetowania